000 00753cam a2200241 a 4500
001 13825843
005 20180119090755.0
008 041227s2006 mauab b 001 0 eng
010 _a 2004060209
020 _a0205447244 (alk. paper)
040 _aDLC
_cDLC
_dDLC
041 _aeng
043 _an-us---
080 _a372.83044 JUN
082 0 0 _a372.83044 JUN
_222
100 1 _a46
101 _aEDU
245 1 0 _aElementary social studies :
_cJune R. Chapin.
504 _aIncludes bibliographical references and index.
906 _a7
_bcbc
_corignew
_d1
_eocip
_f20
_gy-gencatlg
942 _2ddc
_cBK
999 _c40619
_d40619